[Event "AUT-chT 2122"]
[Site "Austria"]
[Date "2022.04.22"]
[Round "10.1"]
[White "Kosc, Renata"]
[Black "Atlas, Dimitry"]
[Result "0-1"]
[WhiteElo "1976"]
[BlackElo "2215"]
[PlyCount "74"]
[EventDate "2021.11.04"]
[EventType "team-tourn"]
[EventRounds "11"]
[EventCountry "AUT"]
[SourceTitle "EXT 2023"]
[Source "ChessBase"]
[SourceDate "2022.10.05"]
[SourceVersion "1"]
[SourceVersionDate "2022.10.05"]
[SourceQuality "1"]
[WhiteTeam "Pamhagen"]
[BlackTeam "Hohenems"]
[WhiteTeamCountry "AUT"]
[BlackTeamCountry "AUT"]

1. e4 e6 2. d4 d5 3. Nc3 Bb4 4. e5 c5 5. Bd2 cxd4 6. Nb5 Be7 7. Qg4 Kf8 8. 0-0-0 Nc6 9. Nf3 a6 10. Nbxd4 Bd7 11. Bd3 Rc8 12. h4 h5 13. Qf4 Nh6 14. Ng5 Nxd4 15. Qxd4 Bb5 16. Bxb5 axb5 17. Bb4 Nf5 18. Bxe7+ Qxe7 19. Qd2 g6 20. Nf3 Rc4 21. b3 Qa3+ 22. Kb1 Rg4 23. g3 Kg7 24. c3 Ra8 25. Rhe1 b4 26. cxb4 Rxb4 27. Qb2 Qa6 28. Rd2 Qb6 29. Red1 Qb5 30. Nd4 Nxd4 31. Rxd4 Rxd4 32. Qxd4 Qe2 33. Rd2 Qf3 34. Rc2 Qf5 35. a4 Rc8 36. Qd2 Rxc2 37. Qxc2 Qxe5 0-1

[Event "AUT-chT2W 1718"]
[Site "Austria"]
[Date "2017.10.15"]
[Round "3.4"]
[White "Novkovic, Julia"]
[Black "Atlas, Dimitry"]
[Result "1/2-1/2"]
[WhiteElo "2111"]
[BlackElo "2174"]
[PlyCount "132"]
[EventDate "2017.10.13"]
[EventType "team-tourn"]
[EventRounds "11"]
[EventCountry "AUT"]
[SourceTitle "CBM 181 Extra"]
[Source "ChessBase"]
[SourceDate "2017.12.12"]
[SourceVersion "1"]
[SourceVersionDate "2017.12.12"]
[SourceQuality "1"]
[WhiteTeam "Dornbirn"]
[BlackTeam "Hohenems II"]
[WhiteTeamCountry "AUT"]
[BlackTeamCountry "AUT"]

1. e4 e6 2. d4 d5 3. Nd2 Nf6 4. e5 Nfd7 5. c3 c5 6. Bd3 Nc6 7. Ne2 cxd4 8. cxd4 f6 9. exf6 Nxf6 10. 0-0 Bd6 11. Nf3 Qc7 12. Bg5 0-0 13. Bh4 Nh5 14. Qc2 h6 15. Bh7+ Kh8 16. Bg6 Rxf3 17. Bxh5 Rf8 18. Bg3 Bd7 19. Rad1 Be8 20. Bg4 Rf6 21. Nc3 Bg6 22. Qe2 Bxg3 23. hxg3 Re8 24. Rfe1 Qd6 25. Bf3 a6 26. Qd2 Qb4 27. Ne2 e5 28. dxe5 Qxd2 29. Rxd2 Nxe5 30. Nd4 Nxf3+ 31. Nxf3 Rxe1+ 32. Nxe1 Rd6 33. Nf3 Kg8 34. Ne5 Bb1 35. a3 Kf8 36. Kf1 Ke7 37. Ke2 Ke6 38. Nf3 Kf6 39. Nd4 Rd7 40. Rd1 Re7+ 41. Kd2 Be4 42. f3 Bg6 43. Rc1 Ke5 44. Re1+ Kd6 45. Rxe7 Kxe7 46. g4 Kd6 47. b4 Bb1 48. Ke3 b6 49. Ne2 Ke5 50. f4+ Kd6 51. Nc3 Bc2 52. Kd4 Bb3 53. Ke3 Bc4 54. Nd1 g5 55. g3 Bb3 56. Nc3 Bc2 57. Kd4 Bb3 58. Kd3 Bc4+ 59. Ke3 Bf1 60. Nd1 Bg2 61. Kd4 Bf3 62. Nf2 a5 63. bxa5 bxa5 64. fxg5 hxg5 65. Nh3 Bxg4 66. Nxg5 Be2 1/2-1/2

[Event "AUT-chT2W 1516"]
[Site "Austria"]
[Date "2015.10.17"]
[Round "2.5"]
[White "Atlas, Dimitry"]
[Black "Gretz, Denis"]
[Result "1/2-1/2"]
[WhiteElo "2220"]
[BlackElo "2073"]
[PlyCount "89"]
[EventDate "2015.10.16"]
[EventType "team-tourn"]
[EventRounds "11"]
[EventCountry "AUT"]
[SourceTitle "CBM 168 Extra"]
[Source "ChessBase"]
[SourceDate "2015.10.29"]
[SourceVersion "1"]
[SourceVersionDate "2015.10.29"]
[SourceQuality "1"]
[WhiteTeam "Hohenems II"]
[BlackTeam "Goetzis II"]
[WhiteTeamCountry "AUT"]
[BlackTeamCountry "AUT"]

1. e4 c5 2. c3 Nf6 3. e5 Nd5 4. Nf3 Nc6 5. Bc4 Nb6 6. Bb3 d5 7. exd6 Qxd6 8. 0-0 Be6 9. Bxe6 Qxe6 10. d4 Rd8 11. Na3 Qd7 12. Be3 cxd4 13. cxd4 e6 14. Qb3 Be7 15. Rad1 0-0 16. Ne5 Qd5 17. Nxc6 Qxc6 18. Nb5 a6 19. Nc3 Nd5 20. Rc1 Nxe3 21. fxe3 e5 22. dxe5 Bg5 23. Rce1 Rd3 24. Rf3 b5 25. Qb4 Re8 26. h4 Bh6 27. Qg4 Rxe5 28. e4 Rd2 29. Ref1 Qd7 30. Rxf7 Qxf7 31. Rxf7 Kxf7 32. Nd5 Re8 33. Qd7+ Kf8 34. Qd6+ Kg8 35. Qxa6 Rxb2 36. a3 Kh8 37. Qc6 Rf8 38. e5 g6 39. Qc5 Re2 40. Qe7 Rff2 41. Qe8+ Rf8 42. Qe7 Rff2 43. Qd8+ Rf8 44. Qc7 Rff2 45. Qd8+ 1/2-1/2

[Event "AUT-chT2W 1314"]
[Site "Austria"]
[Date "2014.03.08"]
[Round "10.3"]
[White "Atlas, Dimitry"]
[Black "Ljubic, Juro"]
[Result "1/2-1/2"]
[WhiteElo "2216"]
[BlackElo "2226"]
[PlyCount "68"]
[EventDate "2013.10.18"]
[EventType "team-tourn"]
[EventRounds "11"]
[EventCountry "AUT"]
[SourceTitle "EXT 2015"]
[Source "ChessBase"]
[SourceDate "2014.11.20"]
[SourceVersion "1"]
[SourceVersionDate "2014.11.20"]
[SourceQuality "1"]
[WhiteTeam "Hohenems II"]
[BlackTeam "Schwarzach"]
[WhiteTeamCountry "AUT"]
[BlackTeamCountry "AUT"]

1. e4 c5 2. c3 b6 3. d4 Bb7 4. Bd3 g6 5. Nf3 Bg7 6. 0-0 d6 7. Re1 Nd7 8. Na3 cxd4 9. cxd4 Ngf6 10. h3 0-0 11. Bf4 e5 12. Bh2 d5 13. exd5 e4 14. Bxe4 Nxe4 15. Rxe4 Bxd5 16. Re3 Qf6 17. Nb5 Bb7 18. Qb3 Bh6 19. Rc3 Bf4 20. Bxf4 Qxf4 21. Rc7 Bxf3 22. Qxf3 Qxf3 23. gxf3 a6 24. Nc3 Rfd8 25. Re1 Rac8 26. Ra7 Ra8 27. Rxa8 Rxa8 28. Nd5 Rd8 29. Rd1 Kf8 30. Kf1 Rc8 31. Nc3 b5 32. Ke2 Nb6 33. Ne4 Nd5 34. Kd2 Rc4 1/2-1/2

[Event "AUT-chT2W 1314"]
[Site "Austria"]
[Date "2014.03.07"]
[Round "9.4"]
[White "Atlas, Dimitry"]
[Black "Spiesberger, Gerhard"]
[Result "1/2-1/2"]
[WhiteElo "2216"]
[BlackElo "2104"]
[PlyCount "74"]
[EventDate "2013.10.18"]
[EventType "team-tourn"]
[EventRounds "11"]
[EventCountry "AUT"]
[SourceTitle "EXT 2015"]
[Source "ChessBase"]
[SourceDate "2014.11.20"]
[SourceVersion "1"]
[SourceVersionDate "2014.11.20"]
[SourceQuality "1"]
[WhiteTeam "Hohenems II"]
[BlackTeam "Ranshofen"]
[WhiteTeamCountry "AUT"]
[BlackTeamCountry "AUT"]

1. e4 d5 2. exd5 Qxd5 3. d4 e5 4. Nf3 exd4 5. Qxd4 Nf6 6. Bc4 Qxd4 7. Nxd4 Bc5 8. Nb3 Bd6 9. 0-0 0-0 10. Nc3 Nc6 11. Nb5 Be6 12. Nxd6 cxd6 13. Bxe6 fxe6 14. c3 a5 15. Rd1 a4 16. Nd4 Nxd4 17. Rxd4 d5 18. f3 b5 19. Rb4 Rab8 20. Bf4 Rb7 21. Re1 Kf7 22. b3 axb3 23. axb3 Rc8 24. Bd2 Ra8 25. c4 dxc4 26. bxc4 Rd7 27. Bc3 bxc4 28. Rxc4 Nd5 29. Be5 Ra2 30. h4 h5 31. Kh2 Rb7 32. Kh3 Ra3 33. Rc6 Rb6 34. Rxb6 Nxb6 35. Rb1 Nd7 36. Rb7 Rd3 37. Bb2 Kg6 1/2-1/2

[Event "AUT-chT2W 1314"]
[Site "Austria"]
[Date "2013.12.01"]
[Round "5.5"]
[White "Rusche, Johannes"]
[Black "Atlas, Dimitry"]
[Result "1-0"]
[WhiteElo "2221"]
[BlackElo "2216"]
[PlyCount "129"]
[EventDate "2013.10.18"]
[EventType "team-tourn"]
[EventRounds "11"]
[EventCountry "AUT"]
[SourceTitle "CBM 157 Extra"]
[Source "ChessBase"]
[SourceDate "2013.12.19"]
[SourceVersion "1"]
[SourceVersionDate "2013.12.19"]
[SourceQuality "1"]
[WhiteTeam "Kufstein/Woergl"]
[BlackTeam "Hohenems II"]
[WhiteTeamCountry "AUT"]
[BlackTeamCountry "AUT"]

1. e4 e6 2. d4 d5 3. Nd2 Nf6 4. e5 Nfd7 5. Bd3 c5 6. c3 Nc6 7. Ne2 cxd4 8. cxd4 f6 9. exf6 Nxf6 10. 0-0 Bd6 11. Nf3 Qc7 12. g3 0-0 13. Bf4 Bd7 14. Rc1 Bxf4 15. Nxf4 Qb6 16. b3 Rae8 17. Re1 Nxd4 18. Nxd4 e5 19. Nxd5 Qxd4 20. Bc4 Kh8 21. Nxf6 Rxf6 22. Qxd4 exd4 23. Rxe8+ Bxe8 24. Bd5 Bc6 25. Bxc6 bxc6 26. Kf1 Kg8 27. Rc4 Rd6 28. Ke2 Kf7 29. Kd3 Rf6 30. f4 Rh6 31. Rc2 Ke7 32. Kxd4 Kd6 33. Re2 Rh5 34. Rd2 Ra5 35. Ke4+ Ke7 36. h3 Rc5 37. g4 h5 38. Kd4 Ra5 39. a4 hxg4 40. hxg4 Rd5+ 41. Kc3 Rc5+ 42. Kb2 Ra5 43. Rd4 g5 44. Re4+ Kf7 45. f5 Rd5 46. Kc2 a5 47. Rc4 c5 48. Re4 Rd6 49. Rc4 Rd5 50. Kc3 Rd1 51. Rxc5 Rc1+ 52. Kd4 Rg1 53. Ke5 Rxg4 54. Rxa5 Rg3 55. Ra7+ Ke8 56. Kf6 g4 57. Ra8+ Kd7 58. Rg8 Rxb3 59. Rxg4 Rf3 60. Re4 Rf1 61. Kg6 Kd6 62. f6 Rg1+ 63. Kh7 Rh1+ 64. Kg7 Rg1+ 65. Kf8 1-0

[Event "AUT-chT2W 1213"]
[Site "Austria"]
[Date "2012.11.30"]
[Round "4.4"]
[White "Atlas, Dimitry"]
[Black "Mons, Leon"]
[Result "0-1"]
[WhiteElo "2255"]
[BlackElo "2338"]
[PlyCount "96"]
[EventDate "2012.10.05"]
[EventType "team-tourn"]
[EventRounds "11"]
[EventCountry "AUT"]
[SourceTitle "EXT 2014"]
[Source "ChessBase"]
[SourceDate "2013.11.20"]
[SourceVersion "1"]
[SourceVersionDate "2013.11.20"]
[SourceQuality "1"]
[WhiteTeam "Hohenems II"]
[BlackTeam "Bernhard"]
[WhiteTeamCountry "AUT"]
[BlackTeamCountry "AUT"]

1. e4 e5 2. Bc4 Nf6 3. d3 Nc6 4. Nf3 Bc5 5. c3 0-0 6. 0-0 d6 7. Bb3 a6 8. Nbd2 Ba7 9. h3 Ne7 10. Re1 Ng6 11. Nf1 Be6 12. N3h2 h6 13. Be3 Bxe3 14. fxe3 d5 15. exd5 Nxd5 16. d4 b5 17. Ng3 Qh4 18. Qf3 Nf6 19. Bc2 Qg5 20. Qf2 Nh4 21. Nf3 Nxf3+ 22. Qxf3 Rfe8 23. Kh2 Rad8 24. a4 b4 25. a5 Qh4 26. Bf5 bxc3 27. bxc3 Bc4 28. Rab1 e4 29. Qf4 Qxf4 30. exf4 Bd3 31. Rb7 g6 32. Bg4 Nd5 33. Bd1 Nxc3 34. Bb3 Nb5 35. d5 Kg7 36. f5 Kf6 37. fxg6 fxg6 38. Nf1 Rb8 39. Rxb8 Rxb8 40. Ne3 Ke5 41. Ba4 Kd4 42. Kg3 Nc3 43. Bd1 Nxd1 44. Nxd1 Kxd5 45. Nf2 Kd4 46. h4 c5 47. Nh3 c4 48. Nf4 c3 0-1

[Event "AUT-chT2W 1213"]
[Site "Austria"]
[Date "2012.10.06"]
[Round "2.6"]
[White "Fruehauf, Norbert"]
[Black "Atlas, Dimitry"]
[Result "1/2-1/2"]
[WhiteElo "2082"]
[BlackElo "2255"]
[PlyCount "148"]
[EventDate "2012.10.05"]
[EventType "team-tourn"]
[EventRounds "11"]
[EventCountry "AUT"]
[SourceTitle "EXT 2013"]
[Source "ChessBase"]
[SourceDate "2012.11.22"]
[SourceVersion "1"]
[SourceVersionDate "2012.11.22"]
[SourceQuality "1"]
[WhiteTeam "Ranshofen"]
[BlackTeam "Hohenems II"]
[WhiteTeamCountry "AUT"]
[BlackTeamCountry "AUT"]

1. e4 e6 2. d4 d5 3. Nd2 Nf6 4. e5 Nfd7 5. Bd3 c5 6. c3 Nc6 7. Ne2 cxd4 8. cxd4 f6 9. exf6 Nxf6 10. 0-0 Bd6 11. Nf3 Qc7 12. Re1 0-0 13. Qc2 Bd7 14. Bd2 Rae8 15. h3 Re7 16. Rac1 Be8 17. Ng5 h6 18. Nh7 Nxh7 19. Bxh7+ Kh8 20. Bg6 Bxg6 21. Qxg6 Rf6 22. Qg4 Qb6 23. b3 Ref7 24. Be3 Qa5 25. Ra1 e5 26. dxe5 Bxe5 27. Rad1 Qxa2 28. Rxd5 Qxb3 29. Red1 Bc7 30. Qe4 Re7 31. Qg4 Qc2 32. Nd4 Nxd4 33. Bxd4 Re4 34. Qc8+ Kh7 35. Bxf6 Bh2+ 36. Kxh2 Qxc8 37. Rd7 Kg6 38. Bxg7 Qc4 39. Rxb7 Qc5 40. Rbd7 Re7 41. R1d6+ Kf7 42. Bd4 Qc4 43. Rd8 Re8 44. R8d7+ Re7 45. Be3 a5 46. Rxe7+ Kxe7 47. Rxh6 a4 48. Rh7+ Ke6 49. Ra7 Kd5 50. g4 Ke4 51. Kg3 Qb3 52. g5 Kf5 53. h4 a3 54. h5 a2 55. Ra5+ Ke4 56. g6 Qd1 57. Rxa2 Qxh5 58. Ra4+ Kd3 59. Rg4 Qe5+ 60. Bf4 Qg7 61. Rg5 Ke4 62. f3+ Kd3 63. Be5 Qg8 64. g7 Ke3 65. f4 Ke4 66. Kh4 Qh7+ 67. Kg4 Qh1 68. Rh5 Qg2+ 69. Kh4 Kf3 70. g8Q Qxg8 71. Rg5 Qh7+ 72. Rh5 Qg6 73. Rg5 Qh7+ 74. Rh5 Qg6 1/2-1/2

[Event "AUT-chT 0910"]
[Site "Austria"]
[Date "2010.03.29"]
[Round "10.6"]
[White "Tabernig, Bernhard"]
[Black "Atlas, Dimitry"]
[Result "1-0"]
[WhiteElo "2293"]
[BlackElo "2328"]
[PlyCount "87"]
[EventDate "2009.11.06"]
[EventType "team-tourn"]
[EventRounds "11"]
[EventCountry "AUT"]
[SourceTitle "EXT 2011"]
[Source "ChessBase"]
[SourceDate "2010.11.26"]
[SourceVersion "1"]
[SourceVersionDate "2010.11.26"]
[SourceQuality "1"]
[WhiteTeam "Mayrhofen/Zillertal"]
[BlackTeam "Hohenems"]
[WhiteTeamCountry "AUT"]
[BlackTeamCountry "AUT"]

1. d4 d5 2. c4 e6 3. Nc3 Nf6 4. cxd5 exd5 5. Bg5 Be7 6. e3 0-0 7. Qc2 Re8 8. Bd3 Nbd7 9. Nge2 b6 10. Nb5 Ba6 11. Bf4 Bb4+ 12. Kf1 Bxb5 13. Bxb5 a6 14. Bc6 Ra7 15. Qb3 a5 16. Bxd5 Nxd5 17. Qxd5 Re6 18. Rc1 Bd6 19. Qb5 Nf6 20. Bxd6 Rxd6 21. f3 c6 22. Rxc6 Rxc6 23. Qxc6 Rc7 24. Qa4 Nd5 25. Qb3 a4 26. Qxa4 Nxe3+ 27. Kf2 Nd5 28. Re1 Re7 29. Ng3 Rxe1 30. Kxe1 Nf4 31. Kf1 Qc8 32. Ne2 Nd5 33. Kf2 h5 34. g3 Kh7 35. Qb3 Qc6 36. Qd3+ g6 37. a3 f5 38. Nc3 f4 39. Qb5 Qxb5 40. Nxb5 g5 41. Nc3 Ne3 42. gxf4 gxf4 43. a4 Nc2 44. Nd5 1-0

[Event "AUT-chT 0910"]
[Site "Austria"]
[Date "2010.01.16"]
[Round "6.6"]
[White "Atlas, Dimitry"]
[Black "Reich, Thomas"]
[Result "0-1"]
[WhiteElo "2328"]
[BlackElo "2359"]
[PlyCount "72"]
[EventDate "2009.11.06"]
[EventType "team-tourn"]
[EventRounds "11"]
[EventCountry "AUT"]
[SourceTitle "EXT 2011"]
[Source "ChessBase"]
[SourceDate "2010.11.26"]
[SourceVersion "1"]
[SourceVersionDate "2010.11.26"]
[SourceQuality "1"]
[WhiteTeam "Hohenems"]
[BlackTeam "Jenbach"]
[WhiteTeamCountry "AUT"]
[BlackTeamCountry "AUT"]

1. e4 c5 2. c3 g6 3. d4 cxd4 4. cxd4 d5 5. exd5 Nf6 6. Bb5+ Nbd7 7. d6 exd6 8. Nc3 a6 9. Bd3 Bg7 10. Qe2+ Qe7 11. Bf4 Qxe2+ 12. Ngxe2 Ke7 13. 0-0 Nb6 14. Rfe1 Be6 15. h3 Kd7 16. Bh2 Rhc8 17. g4 Nbd5 18. Rad1 h5 19. g5 Nxc3 20. Nxc3 Nd5 21. Rxe6 fxe6 22. Nxd5 exd5 23. Bxg6 Rc4 24. Bf5+ Kc6 25. b3 Rc3 26. h4 a5 27. Bg6 a4 28. f4 axb3 29. axb3 Ra2 30. Be8+ Kc7 31. Bxh5 Rh3 32. f5 Rhxh2 33. f6 Bh8 34. Rc1+ Kb6 35. Rc8 Rhb2 36. Rc1 Rg2+ 0-1

[Event "AUT-chT 0910"]
[Site "Austria"]
[Date "2010.01.14"]
[Round "4.6"]
[White "Atlas, Dimitry"]
[Black "Hagara, Eduard"]
[Result "0-1"]
[WhiteElo "2328"]
[BlackElo "2383"]
[PlyCount "54"]
[EventDate "2009.11.06"]
[EventType "team-tourn"]
[EventRounds "11"]
[EventCountry "AUT"]
[SourceTitle "EXT 2011"]
[Source "ChessBase"]
[SourceDate "2010.11.26"]
[SourceVersion "1"]
[SourceVersionDate "2010.11.26"]
[SourceQuality "1"]
[WhiteTeam "Hohenems"]
[BlackTeam "Lackenbach"]
[WhiteTeamCountry "AUT"]
[BlackTeamCountry "AUT"]

1. e4 c5 2. c3 Nf6 3. e5 Nd5 4. Nf3 Nc6 5. d4 cxd4 6. cxd4 d6 7. Bc4 e6 8. 0-0 Be7 9. Qe2 0-0 10. Nc3 Nxc3 11. bxc3 dxe5 12. dxe5 Qa5 13. Bd2 Rd8 14. h4 Qa4 15. h5 h6 16. Rab1 Qc2 17. g4 Na5 18. Bb5 a6 19. Nd4 Rxd4 20. cxd4 axb5 21. Rfc1 Qa4 22. Bxa5 Qxa5 23. Rxb5 Qd8 24. Qc4 b6 25. Qc7 Qxd4 26. Qxe7 Qxg4+ 27. Kh2 Qf4+ 0-1

[Event "AUT-chT2W 0910"]
[Site "Austria"]
[Date "2009.11.27"]
[Round "4.3"]
[White "Atlas, Dimitry"]
[Black "Kleissl, Helmut"]
[Result "1-0"]
[WhiteElo "2330"]
[BlackElo "2271"]
[PlyCount "87"]
[EventDate "2009.10.23"]
[EventType "team-tourn"]
[EventRounds "11"]
[EventCountry "AUT"]
[SourceTitle "CBM 133 Extra"]
[Source "ChessBase"]
[SourceDate "2010.01.05"]
[SourceVersion "1"]
[SourceVersionDate "2010.01.05"]
[SourceQuality "1"]
[WhiteTeam "Hohenems II"]
[BlackTeam "Jenbach II"]
[WhiteTeamCountry "AUT"]
[BlackTeamCountry "AUT"]

1. e4 d6 2. d4 Nf6 3. Nc3 Nbd7 4. Be3 e5 5. f4 Be7 6. Nf3 Ng4 7. Bd2 0-0 8. Qe2 c6 9. 0-0-0 exd4 10. Nxd4 Nc5 11. Nf5 Bxf5 12. exf5 Nf6 13. g4 d5 14. g5 Nfe4 15. Bg2 Nxd2 16. Rxd2 Bd6 17. Rf1 Re8 18. Qh5 Qc7 19. Qh4 Ne4 20. Bxe4 dxe4 21. Re2 e3 22. f6 Qa5 23. f5 Qb4 24. Qh5 g6 25. fxg6 hxg6 26. Qf3 Qh4 27. Rg1 Re5 28. Rg4 Qh5 29. Qg2 Rae8 30. h3 a5 31. a3 Bc5 32. Re1 e2 33. Rxe2 Be3+ 34. Kb1 Bxg5 35. Rxg5 Rxe2 36. Nxe2 Rxe2 37. Qg3 Qh6 38. Rxa5 Re8 39. Re5 Rd8 40. Re7 g5 41. Qe5 Qg6 42. Rxb7 Qh5 43. Ka2 Kh8 44. Qe7 1-0